پنجاب Punjab : (Record no. 89047)
[ view plain ]
| 000 -LEADER | |
|---|---|
| fixed length control field | 00585nam a2200181 a 4500 |
| 001 - CONTROL NUMBER | |
| control field | vtls000131500 |
| 005 - DATE AND TIME OF LATEST TRANSACTION | |
| control field | 20161215094512.0 |
| 008 - FIXED-LENGTH DATA ELEMENTS--GENERAL INFORMATION | |
| fixed length control field | 090723 000 0 urd d |
| 020 ## - INTERNATIONAL STANDARD BOOK NUMBER | |
| International Standard Book Number | 9695031153 |
| 040 ## - CATALOGING SOURCE | |
| Transcribing agency | PK-LaUMT |
| 082 ## - DEWEY DECIMAL CLASSIFICATION NUMBER | |
| Classification number | MMC 954.914 |
| Item number | ANJ-P |
| 100 ## - MAIN ENTRY--PERSONAL NAME | |
| Personal name | انجم رحمانی |
| 245 1# - TITLE STATEMENT | |
| Title | پنجاب Punjab : |
| Remainder of title | /تمدنی و معاشرتی جائزہ |
| Statement of responsibility, etc | Anjum Rehmani |
| 260 ## - PUBLICATION, DISTRIBUTION, ETC. (IMPRINT) | |
| Place of publication, distribution, etc | لاھور: |
| Name of publisher, distributor, etc | الفیصل ناشران و تاجران کتب , |
| Date of publication, distribution, etc | 1998 |
| 300 ## - PHYSICAL DESCRIPTION | |
| Extent | 548ص ؛ 24س م |
| 650 ## - SUBJECT ADDED ENTRY--TOPICAL TERM | |
| Topical term or geographic name as entry element | پنجاب ﹚پاکستان﹙۔۔ تاریخ |
| 942 ## - ADDED ENTRY ELEMENTS (KOHA) | |
| Koha item type | Books |
| Withdrawn status | Lost status | Damaged status | Home library | Current library | Date acquired | Full call number | Barcode | Date last seen | Price effective from | Koha item type |
|---|---|---|---|---|---|---|---|---|---|---|
| UMT Main Campus | UMT Main Campus | 2016-12-03 | MMC 954.914 ANJ-P | 102905 | 2016-12-03 | 2016-12-03 | Books |
